LEADER 01214nam a2200289 i 4500 001 000000163325 003 CaOOAMICUS 005 20070724000000.0 008 070724s2006 it u000 u ita u 013 $a140689 020 $a88-215-5642-5 040 $aSeMil$bita 100 1 $aBianchi Porro, Benedetta .$0(OLS)http://semarc/name/33056 245 10$aScritti completi /$cBenedetta Bianchi Porro ; a cura di Andrea Vena. 260 $aCinisello Balsamo :$bSan Paolo,$cCopyr. 2006. 300 $a815 p. ;$c22 cm. 490 0 $aIl pozzo. 2. serie ;$v37. 500 $aContiene : Appendici. 600 14$aBianchi Porro, Benedetta .$0(OLS)http://semarc/subject/8188 700 1 $aVena, Andrea.$0(OLS)http://semarc/name/61880 830 3$aIl pozzo. 2. serie ;$v37.$0(OLS)http://semarc/title/9787 850 $aSeMil 852 $aSeMil$W1$xVenegono$y1$m3J IV 344$j114620$B114620$CSeMilBibl$Z2$F127009 $81 961 $aOmaggio: Como don Giuseppe 996 $6020$a88-215-5642-5$9(OLS)http://semarc/number/149392 996 $6245$aScritti completi$9(OLS)http://semarc/title/232991 996 $6260$aCinisello Balsamo :$bSan Paolo$9(OLS)http://semarc/publisher/30129 LEADER 01075nam a2200253 i 4500 001 000000206953 003 CaOOAMICUS 005 20220309094846.0 008 111018s1842 it u000 u ita u 013 $a185727 040 $aSeMil$bita 245 10$aProse e poesie edite ed inedite di Ugo Foscolo /$cordinate da Luigi Carrer e corredate della vita dell'autore. 264 1$aVenezia :$bCo' Tipi del gondoliere,$c1842. 300 $aCLIV, 650 p. ;$c27 cm. 650 4$aFoscolo, Ugo <1778-1827> - Opere.$0(OLS)http://semarc/subject/3002 700 1 $aCarrer, Luigi,$d<1801-1850>.$0(OLS)http://semarc/name/89629 700 1 $aFoscolo, Ugo,$d<1778-1827>.$0(OLS)http://semarc/name/1241 850 $aSeMil 852 $aSeMil$W1$xVenegono$y1$m1L VII 1 FA$j157416$B157416$CSeMilBibl$Z2$F168709 $8I 900 0 $aDidimo : Chierico. 996 $6245$aProse e poesie edite ed inedite di Ugo Foscolo$9(OLS)http://semarc/title/299272 996 $6264$aVenezia :$bCo' Tipi del gondoliere$9(OLS)http://semarc/publisher/34876